IPK members - Statistics

General Stats
  • This quiz has been taken 8 times
  • The average score is 11 of 34
Answer Stats
Mains Still Member Answer % Correct
Gun Yes Crimson
100%
Vio / Roach / Spear Yes Doctor
100%
Alot Yes Geeza / Geezer
100%
Alot Yes XXP
100%
Vio / Rapier Yes Ilnesto
86%
Nothing / Spear Yes Pan
86%
Sword / New Vio / Spear Yes Hibris / Ale
71%
Vio Yes Omega
57%
Vio / Sword / Whip Yes Samuel
57%
Angel Yes Rafiziel
43%
Roach Yes Toaster
43%
Vio / Roach Yes Whiff
43%
Spear No Adri
29%
Sword / Whip No Ashura
29%
DH / Vio Yes Niran
29%
Flame No Sun
29%
Sword / Gun No Yonkai
29%
DH No Dark Bacon
14%
Sword No Hyper
14%
Katana No Leo
14%
Sword / Whip / War No Oni / Marty
14%
Sniper / Knife No Sick
14%
Whip / Crash Yes Sigmund / Sambu
14%
Knife No Batt
0%
New Vio / Sword No Demon
0%
New Vio / Gun No Eric
0%
New Vio / Shark / Sword No Gor / Saxarok
0%
Roach No Guest / Sofaruz
0%
( Didnt Play ) No May
0%
( Didnt Play ) No Nashi
0%
New Vio / Sword No Starix / Tea
0%
Blood / Spear No Strategy
0%
Whip / Bomb / Fox Yes Usogui
0%
Whip / Sword / Vio No Vae
0%
No matching quizzes found
Score Distribution
Percent of People with Each Score
Percentile by Number Answered
Your Score History
You have not taken this quiz